=LDR 00000nam 2200000 4500 =001 INLIS000000000019321 =005 20130612114410 =008 ***********************************Ind** =035 ##$$0010-061300000019321 =041 ##$$a Ind =082 ##$$a 028.5 =090 ##$$a 028.5, Guf s =100 ##$$a Gufran =245 ##$$a Si lombo, pelukis cecak, Gufran =260 ##$$a 2006 $b Mataram =300 ##$$a 24 hlm, ilus, 21 cm =650 ##$$a Bacaan kanak-kanak =850 ##$$a NBPNMAT